000 01616pam a2200349 i 4500
001 BK0025533873
003 DLC
005 20210224130719.0
008 200512s2020 caua c 6 000 0 eng
020 _a9781401286415
_c9.99
020 _a1401286410
_c9.99
040 _erda
092 _ajunior graphic novels
_bPearson
100 1 _aPearson, Ridley
_ewriter.
_922122
245 1 0 _aEscape to Landis /
_bEscape to Landis
_cwritten by Ridley Pearson ; art by Ile Gonzalez ; letterer, Saida Temofonte.
264 1 _aBurbank, CA :
_bDC Comics,
_c[2020]
336 _atext
336 _astill image
337 _aunmediated
338 _avolume
520 _a"With the news of the Four Fingers taking refuge in the land of Landis, Batkid, Superboy, and Tilly begin their journey to stop the deadly virus from being unleashed onto the world. Meanwhile, Candace has found her way to Landis and is taken underground to a group of people who still believe her to be the true queen of Landis. Our team is reunited in an action-packed adventure through the desert of Landis, an unknown terrority filled with unknown dangers!"--
521 1 _aAges 8-12
_bDC Comics
521 2 _aGrades 4-6
_bDC Comics
650 1 _aSuperheroes
_vFiction.
_95673961
650 1 _aAbility
_vFiction.
_95673895
650 1 _aGraphic novels.
655 7 _aGraphic novels
_2lcgft
776 0 8 _iOnline version:
776 0 8 _aPearson, Ridley.
_tEscape to Landis
_dBurbank, CA : DC Comics, [2020]
_z9781779507266
_w(DLC) 2020022149
942 _2ddc
_cBOOK
999 _c358945
_d358945
999 _b03609275